000 00531nam a22001937a 4500
005 20251209143619.0
008 251209b |||||||| |||| 00| 0 eng d
037 _cTB
040 _aAL
_cAL
041 _2URD
_aURD
084 _bAL
100 _aUsmani, Fazalurrehman
_9855554
245 _aIslami qanoon-Nikah-Talaq-Dirasat
260 _aKotla, India:
_bJame darul Islam,
_c1989.
300 _a320p.
365 _b100.00
_cINR
942 _2CC
_cTB
_n0
999 _c1466104
_d1466104